New uses for former places of worship (Record no. 112024)

MARC details
000 -LEADER
fixed length control field 00839cad a22001815a 4500
001 - CONTROL NUMBER
control field E152370
008 - FIXED-LENGTH DATA ELEMENTS--GENERAL INFORMATION
fixed length control field 110228s2010 xxk f 000 0 eng d
035 ## - SYSTEM CONTROL NUMBER
System control number (Sirsi) u152370
041 0# - LANGUAGE CODE
Language code of text/sound track or separate title eng
110 2# - MAIN ENTRY--CORPORATE NAME
Corporate name or jurisdiction name as entry element English Heritage
9 (RLIN) 2714
245 00 - TITLE STATEMENT
Title New uses for former places of worship
Medium [electronic resource]
260 ## - PUBLICATION, DISTRIBUTION, ETC.
Place of publication, distribution, etc. [S.l.]
Name of publisher, distributor, etc. EH
Date of publication, distribution, etc. 2010
520 ## - SUMMARY, ETC.
Summary, etc. Offers guidance to local authorities and owners on the conversion of former places of worship to new uses. Should be read in conjunction with PPS5, the Historic Environment Planning Practice Guide (see E149657).
651 #4 - SUBJECT ADDED ENTRY--GEOGRAPHIC NAME
Geographic name England
Chronological subdivision 886-
690 ## - LOCAL SUBJECT ADDED ENTRY--TOPICAL TERM (OCLC, RLIN)
Topical term or geographic name as entry element BUILT ENVIRONMENT-BUILDING TYPES-ANCIENT MONUMENTS AND HISTORIC BUILDINGS
856 40 - ELECTRONIC LOCATION AND ACCESS
Uniform Resource Identifier <a href="https://www.helm.org.uk/upload/pdf/EH_Places-of-Worship-2010.pdf?1295496951">https://www.helm.org.uk/upload/pdf/EH_Places-of-Worship-2010.pdf?1295496951</a>
Public note View the item free of charge at www.helm.org.uk
942 ## - ADDED ENTRY ELEMENTS (KOHA)
Suppress in OPAC 0
Holdings
Withdrawn status Lost status Source of classification or shelving scheme Damaged status Not for loan Home library Current library Shelving location Date acquired Total Checkouts Full call number Barcode Date last seen Copy number Price effective from Koha item type
    Dewey Decimal Classification     Virtual Virtual Online 28/02/2011   ONLINE PUBLICATION 152370-2001 06/08/2019 1 06/08/2019 Book